000 00457cam a2200193ua 4500
001 7961
008 150102n ii |||gr||||Z||||||hin
040 _cMAIN
041 _ahin
082 _a891.431
100 _aSarma, R.,
_eAuthor.
245 1 _aKavitabali sathik
_cBy Rajesh Sarma
250 _a1st.
260 _aDelhi:
_bAshok,
_c2003.
300 _a448p.
653 _aEast Indo-European & Celtic literatures
653 _aHindi poems
942 _cBK
999 _c7080
_d7080